00491nam a2200157Ia 4500008004100000020001800041082001400059100002400073245010300097250000700200260004400207300002300251500001900274600002000293650002000313240925s9999 xx 000 0 und d a9781118747964 a338.6 CAR aCarlisle, Tobias E. 0aDeep Value: why activist investors and other contrarians battle for control of losing corporations aNA aNew Jersey:bJohn wiley & Sonsc,2014. a224p.b0fOriginal aIncludes Index aSocial Sciences aSocial Sciences